| 000 | 00852na a2200265 4500 | ||
|---|---|---|---|
| 001 | 21658 | ||
| 003 | MIRAKIL | ||
| 005 | 20181213154937.0 | ||
| 008 | 170206b tu 000 0 | ||
| 035 | _a21012 | ||
| 040 |
_aMilas _btur _cTR-AnCHP |
||
| 041 | _atur | ||
| 082 |
_a324.2372 _bB23b 2002 |
||
| 090 | _a324.2372 B23b 2002 | ||
| 110 | _aBağımsız Cumhuriyet Partisi (BCP) | ||
| 245 |
_aBağımsız Cumhuriyet Hareketi _bTürkiye için program taslağı _cBCP |
||
| 260 |
_aAnkara _bBCP _c2002 |
||
| 300 |
_a43 s. _c20 sm. |
||
| 610 |
_aCumhuriyetçi Güven Partisi (CGP) _xPropaganda ve ideolojiler |
||
| 610 |
_aBağımsız Cumhuriyet Partisi (BCP) _xProgramlar, 2002 |
||
| 650 |
_aSosyal demokrat partiler _zTürkiye |
||
| 710 | _aBağımsız Cumhuriyet Partisi (BCP) | ||
| 830 | _aBağımsız Cumhuriyet Partisi | ||
| 942 |
_2ddc _cBKS |
||
| 999 |
_c3624 _d3624 |
||